| 000 | 00808cam a22002653a 4500 | ||
|---|---|---|---|
| 001 | 26207 | ||
| 003 | PGUSA | ||
| 005 | 20140828083550.0 | ||
| 008 | 080807s2008||||xxu|||||s|||||000 1 eng d | ||
| 040 |
_aPGUSA _beng |
||
| 042 | _adc | ||
| 050 | 4 | _aPS | |
| 100 | 1 |
_aWhite, William Allen, _d1868-1944 |
|
| 245 | 1 | 0 |
_aIn Our Town _h[electronic resource] / _cWilliam Allen White |
| 260 |
_bProject Gutenberg, _c2008 |
||
| 506 | _aPublic domain in the USA. | ||
| 516 | _aElectronic text | ||
| 653 | _aUnited States -- Social life and customs -- Fiction | ||
| 653 | _aCity and town life -- Fiction | ||
| 700 | 1 |
_aGruger, Frederic Rodrigo, _d1871-1953 |
|
| 700 | 1 |
_aGlackens, William J., _d1870-1938 |
|
| 830 | 0 |
_aProject Gutenberg _v26207 |
|
| 856 | 4 | 0 | _uhttp://www.gutenberg.org/ebooks/26207 |
| 942 | _cEB | ||
| 999 |
_c255462 _d255462 |
||